000
00313nam a2200133Ia 4500
008
191201s2012 xx 000 0 und d
100
_a
NAKRA, B C
245
0
_a
Instrumentation Measurement and analysis
250
_a
Rep
260
_c
2012
_b
TMH
_a
N. delhi
300
_a
641
650
_a
ECE
942
_2
ddc
_c
BB
_0
2
999
_c
7600
_d
7600